| 000 | 00817cab a2200229 4500 | ||
|---|---|---|---|
| 001 | ABS42208 | ||
| 008 | 090401t1990 xxu||||| |||| 00| 0 eng d | ||
| 035 | _a(Sirsi) u35338 | ||
| 041 | _aeng | ||
| 100 | _aVan den Bos, J. | ||
| 245 | _aOpen strength on the market | ||
| 260 | _c1990 | ||
| 350 | _a0 | ||
| 490 |
_aWorld Property _vFebruary 1990, 36-38(2) |
||
| 520 | _aLooks at the Dutch open ended funds that have begun to emerge as a major investment attraction. The Dutch funds are quoted companies, and brief profiles are given on the main ones, Rodamco , NMB Vastgoedfonds , Rabo Onroerend Goed Fonds , Pacific Property Securities Fund , VWN and Nadufu . | ||
| 650 | _aINSTITUTIONS | ||
| 650 | _aNETHERLANDS | ||
| 650 | _aPROPERTY | ||
| 690 | _aOVERSEAS-EUROPE | ||
| 942 | _n0 | ||
| 948 | _c04/03/1997 | ||
| 999 |
_c23149 _d23149 |
||